Armes de Dragon quest VIII - Statistiques

Statistiques générales
  • Ce quiz a été pris 14 fois
  • Le résultat moyen est 6 sur 16
Statistiques - réponses
Par images Réponse % Correct
Épée de Cuivre
85%
Bâton de cyprès
77%
Massue de chêne
54%
Faux de fermier
46%
Hache de lune
46%
Lame du faucon
46%
Bâton de lave
38%
Dague de glace
31%
Lance du héros
31%
Boomerang renforcé
23%
Fouet de serpent
23%
Arc de chasseur
15%
Épée de roi Dragovien
15%
Hache de conquête
15%
Fouet de Gringham
8%
Marteau de guerre
8%
Aucun quiz correspondant
Distribution des résultats
% des personnes avec chaque résultat
Percentile par nombre de réponses
Votre historique - résultats
Vous n’avez pas pris ce quiz